1729 1685 1770 1900 1250 1047 1479 1140 1375 1216 1104 1733 1456 1521 1408 1405 1027 1201 1969 1959 1403 1818 1425 1881 1316 1749 1267 1535 1128 1803 1681 1675 1297 1505 1978 1485 1470 1262 1261 1696 1239 1999 1926 1229 1590 1592 1240 1980 1142 1804 1950 1500 1593 1315 1906 1432 1455 1651 1965 1435 1913 1827 1293 1691 1290 1555 1784 1660 1818 1230 1986 1867 1093 1822 1397 1613 1283 1463 1245 1012 1647 1776 1623 1808 1410 1163 1700 1835 1547 1852 1913 1254 1905 1773 1870 1686 1352 1948 1897 BCNSPRNW ULIB Ver.6.0+V

เปลี่ยนเป็นภาษาไทย

Change to English
 แสดงรายละเอียดบรรณานุกรม
  กลับหน้าหลัก

Brief Record : Get Marc (ISO 2709) : E-mail record : QR code < ปิดหน้าต่าง
LEADER : 00000nam 2200000uu 4500
001    13399113643
003     ULIB
008    111208s2551||||th 000 0 tha d
020    ^a9789743496981
090    ^aนว.^bจ758ท 2551
100    ^aเจ้าสำราญ
245    ^aทหารเสือราชินี/^cเจ้าสำราญ
250    ^aพิมพ์ครั้งที่ 1
260    ^aกรุงเทพฯ :^bณ บ้านวรรณกรรม,^c2551
300    ^a504 หน้า
710 1  ^aณ บ้านวรรณกรรม
945    ^p380^l0^i028097
995    ^aทศพร
999 ^a ทศพร
รายการนี้ยังไม่มีแท็ก
คุณยังไม่ได้ล็อกอิน คุณสามารถมีกิจกรรมร่วมกับเว็บไซต์ได้ แต่ต้องล็อกอินก่อน ::
  ล็อกอิน

รายการสื่อสารสนเทศ

ลำดับที่ ประเภท เลขเรียก/บาร์โค้ด สถานที่ สถานะ
1. นวนิยาย
นวนิยาย
นว. จ758ท 2551 ฉ.1 
  Barcode: 028097
ห้องสมุดวิทยาเขตสวรรค์ประชารักษ์
►นวนิยาย
บนชั้น
  ขอยืม

BibComment


ยังไม่เคยถูกคอมเมนท์

คอมเมนท์ทรัพยากรรายการนี้
  คอมเมนท์: ทหารเสือราชินี เ..


 Copyright 2026. Bcnsprnw @Library